Teraźniejsze państwa na terenie ZSRR - Statystyki

Ogólne statystyki
  • Ten quiz został rozwiązany 27 razy
  • Średni wynik to 14 z 15
Statystyki odpowiedzi
Hint Odpowiedź % Poprawnych
Grodno Białoruś
100%
Narwa Estonia
100%
Kowno Litwa
100%
Dyneburg Łotwa
100%
Lwów Ukraina
100%
Erywań Armenia
96%
Ałmaty Kazachstan
96%
Suwałki Polska
96%
Baku Azerbejdżan
92%
Batumi Gruzja
92%
Biszkek Kirgistan
92%
Duszanbe Tadżykistan
92%
Aszchabad Turkmenistan
92%
Omsk Rosja
88%
Taszkent Uzbekistan
88%
Nie znaleziono quizów pasujących do podanych kryteriów
Rozkład punktacji
Procent ludzi z każdym wynikiem
Percentyl według liczby udzielonych odpowiedzi
Twoja historia wyników
Nie rozwiązałeś tego quizu